000
00338nam a2200133Ia 4500
008
240624s9999 xx 000 0 und d
041
_a
eng
082
_a
658.472 BEL
100
_a
BELL JASON
245
_a
MACHINE LEARNING FOR BIG DATA HANDS ON F
260
_c
2015
_a
New Delhi
_b
Wiley
300
_a
380 : p. : cm. ; 28
365
_c
RS
_b
33
999
_c
26402
_d
26402